|
|
|
|
| LEADER |
00850ncm a22002292a 4500 |
| 001 |
000466112 |
| 003 |
CZ BrMZK |
| 005 |
20120905144537.0 |
| 007 |
qu |
| 008 |
000105s1961 ru f zxx d |
| 040 |
|
|
|a BOA001
|b cze
|
| 072 |
|
7 |
|a 786
|x Hudba pro klávesové nástroje
|2 Konspekt
|9 9
|
| 100 |
1 |
|
|a Chopin, Fryderyk,
|d 1810-1849
|7 jn19992000131
|4 cmp
|
| 245 |
1 |
0 |
|a Val'sy
|h [hudebnina] :
|b dlja fortep'jano /
|c Fryderyk Chopin ; red. G.G. Nejgauze i Ja. I. Mil'štejna
|
| 260 |
|
|
|a Moskva :
|b Muzgiz,
|c 1961
|
| 300 |
|
|
|a 142 s.
|
| 700 |
1 |
|
|a Nejgauz, Genrich Gustavovič,
|d 1888-1964
|7 pna2005262020
|4 edt
|
| 700 |
1 |
|
|a Mil‘štejn, Jakov Isaakovič,
|d 1911-1981
|7 skuk0004134
|4 edt
|
| 910 |
|
|
|a BOA001
|b Mus4-0472.502
|
| 990 |
|
|
|a MU
|
| 991 |
|
|
|b 201209
|
| 996 |
6 |
|
|b 2619769973
|c Mus4-0472.502
|l MZK
|r Sklad / do 1 hodiny
|n 4
|w 000466112
|u 000010
|a 1
|e BOA001
|j MZK50
|s P
|